| 000 | 01316nam a22002297a 4500 | ||
|---|---|---|---|
| 999 |
_c60274 _d60274 |
||
| 003 | Ge_BSU | ||
| 005 | 20230623125132.0 | ||
| 008 | 230623s2017 ge ||||| |||| 00| 0 geo d | ||
| 020 | _a9789941098628 | ||
| 041 | _ageo | ||
| 080 | _a902.2(075.8) ვ-24 | ||
| 100 |
_aვატკინსონი, დევიდ _918929 |
||
| 245 |
_aარქეოლოგიური აღმოჩენების პირველადი დახმარება / _cდევიდ ვატკინსონი და ვირჯინია ნილი; ქართ. ვერსიის რედაქტორი და ინგლისურიდან თარგმანი ნინო ქებულაძე. |
||
| 264 |
_aთბილისი, _c2017. |
||
| 300 |
_a172 გვ. : _bნახ., ტაბ. ; _c21 სმ. |
||
| 500 | _aთავფურცლის მე-3 გვერდი ინგლ. ენაზე. | ||
| 504 | _aბიბლიოგრ.: გვ. 165-171. | ||
| 653 | _aარქეოლოგიური გათხრები | ||
| 700 |
_aნილი, ვირჯინია _eავტორი. _918930 |
||
| 700 |
_aქებულაძე, ნინო _eრედაქტორი, მთარგმნელი _918931 |
||
| 942 |
_2udc _cBK |
||